000 00386nam a22001577a 4500
005 20161022152046.0
008 161022b xxu||||| |||| 00| 0 eng d
020 _a978-81-7179-656-4
041 _aeng
100 _aWAZAHAT,ASGAR,RANJAN,PRABHAT
_93630
245 _aTELEVISION LEKHAN
260 _bRADHA KRISHAN
300 _a149
650 _aMASS COM @JOURNALISM
_93631
942 _cBK
999 _c5284
_d5282